Začleňovanie Európskeho dohovoru o ľudských právach do nášho právneho poriadku. 1
Transformácia medzinárodných zmlúv o ľudských právach a základných slobodách do vnútroštátneho právneho poriadku uzavreté Českou a Slovenskou republikou. Slovenská republika zmluvnou stranou Dohovoru o ochrane ľudských práv a základných slobôd. Zakotvenie časti medzinárodnoprávnej úpravy ľudských pr...
Salvato in:
| Autore principale: | |
|---|---|
| Natura: | Capitolo di libro |
| Lingua: | slovacco |
| Soggetti: | |
| Tags: |
Nessun Tag, puoi essere il primo ad aggiungerne!!
|
MARC
| LEADER | 00000naa a2200000 4500 | ||
|---|---|---|---|
| 001 | r015664 | ||
| 005 | 20221213114910.3 | ||
| 041 | 0 | |a slo | |
| 044 | |a SK | ||
| 245 | 1 | 0 | |a Začleňovanie Európskeho dohovoru o ľudských právach do nášho právneho poriadku. 1 |c Štefan Grman |
| 520 | |a Transformácia medzinárodných zmlúv o ľudských právach a základných slobodách do vnútroštátneho právneho poriadku uzavreté Českou a Slovenskou republikou. Slovenská republika zmluvnou stranou Dohovoru o ochrane ľudských práv a základných slobôd. Zakotvenie časti medzinárodnoprávnej úpravy ľudských práv a základných slobôd v právnom poriadku. Harmonizácia slovenského právneho poriadku s právom Európskej únie. | ||
| 610 | 2 | 0 | |a právo verejné medzinárodné |
| 610 | 2 | 0 | |a Európske spoločenstvá |
| 610 | 2 | 0 | |a zmluvy medzinárodné |
| 610 | 2 | 0 | |a práva ľudské |
| 610 | 2 | 0 | |a Slovensko |
| 610 | 2 | 0 | |a poriadok právny |
| 610 | 2 | 0 | |a ústava |
| 100 | 1 | |a Grman, Štefan | |